• 首页
  • 本馆介绍
  • 公告通知
  • 最新文献
  • 馆藏检索
  • 电子资源
  • 读者导购
  • 参考咨询
  • 我的图书馆
  • 登录
  • 详细信息显示
  • 放入我的书架
  • 预约/预借图书
  • 作者相关作品
  • 分类相关作品
  • 丛书相关作品
  • 出版社相关作品

书目信息

  • 表格格式
  • 工作单格式
  • 卡片格式
题名:
数学小词典
    
 
作者: 陈通鑫 编
分册:  
出版信息: 北京   测绘出版社  1982
页数: 1108页
开本: 13cm
丛书名:
单 册:
中图分类: O1-61
科图分类:
主题词: 数学--词典
电子资源:
ISBN:
000 00590nam0 2200229 45
001 0182001079
005 20060728104601.87
010    @b精装@dCNY2.30
091    @a13039.新188
100    @a19950706d1982 em y0chiy0121 ea
101 0  @achi
102    @aCN@b110000
105    @ay e 000yy
200 10 @a数学小词典@Ashu xue xiao ci dian@f陈通鑫编
210    @a北京@c测绘出版社@d1982
215    @a1108页@d13cm
606    @a数学@x词典
690    @aO1-61@v3
701  0 @a陈通鑫@Achen tong xin@4编
801  2 @aCN@bNLC@c20060728
801  0 @aCN@b上海图书馆@c20040923
905    @dO1-61@e102
    
    数学小词典/陈通鑫编.-北京:测绘出版社,1982
    1108页;13cm
    
    
    ISBN (精装):CNY2.30
    
●
相关链接 在E读中查询图书 在五车中查询图书 在当当中查询图书 在豆瓣中查询图书


正题名:数学小词典     索取号:O1-61/102         预约/预借

序号 登录号 条形码 馆藏地/架位号 状态 备注
1 0084923   000555517   密集书库/ [索取号:O1-61/102] 在馆    
2 0084924   000555571   密集书库/ [索取号:O1-61/102] 在馆    
3 0084925   000555599   密集书库/ [索取号:O1-61/102] 在馆    
4 0084926   001962638   密集书库/ [索取号:O1-61/102] 在馆    
5 0084927   000555544   密集书库/ [索取号:O1-61/102] 在馆    
6 0084928   000555492   密集书库/ [索取号:O1-61/102] 在馆    
7 0084929   000555580   密集书库/ [索取号:O1-61/102] 在馆    
8 0084930   000555535   第二样本阅览室/ [索取号:O1-61/102] 在馆    
9 0084931   000555508   密集书库/ [索取号:O1-61/102] 在馆    
10 0084932   000555606   密集书库/ [索取号:O1-61/102] 在馆    
11 0084933   000555553   密集书库/ [索取号:O1-61/102] 在馆    
12 0084934   000555562   密集书库/ [索取号:O1-61/102] 在馆    
13 0084935   000555526   密集书库/ [索取号:O1-61/102] 在馆    
14 0442566   204425666   密集书库/ [索取号:O1-61/102] 在馆    
15 0442567   204425675   密集书库/ [索取号:O1-61/102] 在馆    
16 0442568   204425684   密集书库/ [索取号:O1-61/102] 在馆    
唐山师范学院图书馆 欢迎您!
大连网信软件有限公司© 版权所有